<?xml version="1.0" encoding="UTF-8"?><?xml-stylesheet type="text/xsl" href="static/style.xsl"?><OAI-PMH xmlns="http://www.openarchives.org/OAI/2.0/" xmlns:xsi="http://www.w3.org/2001/XMLSchema-instance" xsi:schemaLocation="http://www.openarchives.org/OAI/2.0/ http://www.openarchives.org/OAI/2.0/OAI-PMH.xsd"><responseDate>2026-04-14T03:29:18Z</responseDate><request verb="GetRecord" identifier="oai:www.recercat.cat:10256/27441" metadataPrefix="marc">https://recercat.cat/oai/request</request><GetRecord><record><header><identifier>oai:recercat.cat:10256/27441</identifier><datestamp>2025-12-05T14:05:16Z</datestamp><setSpec>com_2072_452955</setSpec><setSpec>com_2072_2054</setSpec><setSpec>col_2072_452958</setSpec></header><metadata><record xmlns="http://www.loc.gov/MARC21/slim" xmlns:dcterms="http://purl.org/dc/terms/" xmlns:xsi="http://www.w3.org/2001/XMLSchema-instance" xmlns:doc="http://www.lyncode.com/xoai" xsi:schemaLocation="http://www.loc.gov/MARC21/slim http://www.loc.gov/standards/marcxml/schema/MARC21slim.xsd">
   <leader>00925njm 22002777a 4500</leader>
   <datafield ind2=" " ind1=" " tag="042">
      <subfield code="a">dc</subfield>
   </datafield>
   <datafield ind2=" " ind1=" " tag="720">
      <subfield code="a">Martínez-Hernández, Jesús</subfield>
      <subfield code="e">author</subfield>
   </datafield>
   <datafield ind2=" " ind1=" " tag="720">
      <subfield code="a">Garriga, Ferran</subfield>
      <subfield code="e">author</subfield>
   </datafield>
   <datafield ind2=" " ind1=" " tag="720">
      <subfield code="a">Ahmad, Adeel</subfield>
      <subfield code="e">author</subfield>
   </datafield>
   <datafield ind2=" " ind1=" " tag="720">
      <subfield code="a">Padilla, Lorena</subfield>
      <subfield code="e">author</subfield>
   </datafield>
   <datafield ind2=" " ind1=" " tag="720">
      <subfield code="a">Maside, Carolina</subfield>
      <subfield code="e">author</subfield>
   </datafield>
   <datafield ind2=" " ind1=" " tag="720">
      <subfield code="a">Bonet, Sergi</subfield>
      <subfield code="e">author</subfield>
   </datafield>
   <datafield ind2=" " ind1=" " tag="720">
      <subfield code="a">Barranco, Isabel</subfield>
      <subfield code="e">author</subfield>
   </datafield>
   <datafield ind2=" " ind1=" " tag="720">
      <subfield code="a">Roca, Jordi</subfield>
      <subfield code="e">author</subfield>
   </datafield>
   <datafield ind2=" " ind1=" " tag="720">
      <subfield code="a">Pastor, Luis Miguel</subfield>
      <subfield code="e">author</subfield>
   </datafield>
   <datafield ind2=" " ind1=" " tag="720">
      <subfield code="a">Yeste Oliveras, Marc</subfield>
      <subfield code="e">author</subfield>
   </datafield>
   <datafield ind2=" " ind1=" " tag="260">
      <subfield code="c">2025-09</subfield>
   </datafield>
   <datafield ind2=" " ind1=" " tag="520">
      <subfield code="a">Background: The oxytocin receptor (OR) is a G-protein-coupled receptor recently identified in human spermatozoa, whose origin and role in sperm physiology remain unknown. Objectives: In this study, using the pig as a model, we examine the presence of the OR in ejaculated spermatozoa through immunofluorescence and immunoblotting, and investigate the receptor's origin in the male gamete via immunohistochemistry in testicular and epididymal tissues. Additionally, we assess the involvement of the OR in in vitro capacitation and the acrosome reaction by utilizing physiological concentrations of agonists (oxytocin and carbetocin) and an antagonist (L-371,257). Results: The results indicate that, in addition to the expected presence in ejaculated spermatozoa, the OR is expressed during spermatogenesis. Besides, this receptor is found in Leydig and Sertoli cells, as well as in the principal, basal, and apical cells of the epididymis. Furthermore, our data suggest that, during epididymal maturation, the OR could be incorporated in spermatozoa via extracellular vesicles within the apical blebs. The OR is involved in sperm capacitation, as the combination of the antagonist (L-371,257) and the agonist (carbetocin) increases intracellular calcium levels and membrane lipid disorders, which are known as capacitation markers. Conclusions: The presence of the OR in mammalian spermatozoa could originate from both spermatogenesis and epididymal maturation. Moreover, in the male gamete, this receptor regulates sperm capacitation by interacting with its ligand in the female reproductive tract</subfield>
   </datafield>
   <datafield ind2=" " ind1=" " tag="520">
      <subfield code="a">Research funding: European Union-Next Generation EU Funds and University of Murcia. Grant Number: 181/MSJD/22; Ministry of Science, Innovation and Universities. Grant Numbers: PID2020-113320RB-I00, PRE2021-098896; Catalan Institution for Research and Advanced Studies. Grant Number: ICREA-Academia and Agency for Management of University and Research Grants. Grant Number: 2021-SGR-00900</subfield>
   </datafield>
   <datafield ind2=" " ind1=" " tag="520">
      <subfield code="a">Open Access funding provided thanks to the CRUE-CSIC agreement with Wiley</subfield>
   </datafield>
   <datafield tag="653" ind2=" " ind1=" ">
      <subfield code="a">Oxitocina</subfield>
   </datafield>
   <datafield tag="653" ind2=" " ind1=" ">
      <subfield code="a">Oxytocin</subfield>
   </datafield>
   <datafield tag="653" ind2=" " ind1=" ">
      <subfield code="a">Porcs -- Espermatozoides</subfield>
   </datafield>
   <datafield tag="653" ind2=" " ind1=" ">
      <subfield code="a">Swine -- Spermatozoa</subfield>
   </datafield>
   <datafield tag="653" ind2=" " ind1=" ">
      <subfield code="a">Espermatogènesi en els animals</subfield>
   </datafield>
   <datafield tag="653" ind2=" " ind1=" ">
      <subfield code="a">Spermatogenesis in animals</subfield>
   </datafield>
   <datafield tag="653" ind2=" " ind1=" ">
      <subfield code="a">Fecundació in vitro</subfield>
   </datafield>
   <datafield tag="653" ind2=" " ind1=" ">
      <subfield code="a">Fertilization in vitro</subfield>
   </datafield>
   <datafield ind2="0" ind1="0" tag="245">
      <subfield code="a">The Oxytocin Receptor in Spermatozoa May Originate From Both Spermatogenesis and Epididymal Maturation, and Regulates Capacitation</subfield>
   </datafield>
</record></metadata></record></GetRecord></OAI-PMH>